Приложение к делу № 11, 1882 год. Ведомости о количестве душевых наделов крестьян собственников и нынешних окладов выкупных плат...

Доступно только в Электронных читальных залах Найти на картеНа карте
RUSMARC
00003805nmc2a2200000 x 450
001cd34af5c-58e7-4a33-ac02-d58d09759e66
00520160105082725.0
100##$a20150224l18821882k l0rusy0189 ca
1010#$arus
102##$aRU
2001#$aПриложение к делу № 11, 1882 год. Ведомости о количестве душевых наделов крестьян собственников и нынешних окладов выкупных платежей и о сумме, следующей с них, к понижению по 1 рублю с надела, или по 16 копеек с каждого рубля последнего оклада выкупного платежа по Могилевской губернии по казначействам: Быховскому, Гомельскому, Горецкому, Климовичскому, Могилевскому, Мстиславскому, Оршанскому, Рогачевскому, Сеннинскому, Чаусскому, Чериковскому
$j1882 г.
251##$cДело
300##$aДело
801#0$aRU
$bРГИА
$c20150224
$gRCR
801#1$aRU
$bГлавНИВЦ
$c20150224
$2rusmarc
801#2$aRU
$bПБ им. Б.Н. Ельцина
$c20160105
$gRCR
$2rusmarc
850##$aРГИА
852##$aРГИА
$eФедеральное казенное учреждение "Российский государственный исторический архив" (РГИА)
$j912
937##$hРГИА
$d11190688
$aASBIBLIO_SCAN
462#0$10013826a62a-52d3-408e-b545-2019664385f0
$12001
$a1861-1895 гг.
$1251
$cОпись
$1852
$j50
461#0$10018ef30ad5-ff5c-4840-a721-74c62a200f95
$12001
$aГлавное выкупное учреждение Министерства финансов
$1251
$cФонд
$1852
$j577
215##$a108 л.
$d36,5x26 см
371##$aДокумент не является опубликованным и широко распространяемым
105##$aу###
1222#$ad
035##$acd34af5c-58e7-4a33-ac02-d58d09759e66
Формат отображения